Naimark, Norman M., 1944-. Stalin's genocides. - Princeton, NJ [u.a.] : Princeton Univ. Press. - 2010 [Rezension]
| Titel: | Naimark, Norman M., 1944-. Stalin's genocides. - Princeton, NJ [u.a.] : Princeton Univ. Press. - 2010 [Rezension] |
|---|---|
| Verfasser: | |
| In: |
Journal of genocide research, Band 13, Heft 1/2 (2011), Seite 195-197 alle Artikel anzeigen |
| Veröffentlicht: | 2011 |
| Format: | Aufsatz |
| Sprache: | Englisch |
| Hinweise zum Inhalt: |
zusätzliche Angaben
|
X
alg: 39505091
001A $01999:12-11-16
001B $01999:04-08-21 $t21:03:13.000
001D $01999:12-11-16
001U $0utf8
001X $00
002@ $0Aox
003@ $039505091X
007A $039505091X $aHEB
007T $0Herdc0074174m
009P $A2 $3zusätzliche Angaben $uhttp://www.tandfonline.com/doi/pdf/10.1080/14623528.2011.554082
010@ $aeng
011@ $a2011
021A $aNaimark, Norman M., 1944-. Stalin's genocides. - Princeton, NJ {[u.a.] : Princeton Univ. Press. - 2010 [Rezension]
028A $aShaw $dMartin
031A $d13 $e1/2 $h195-197 $j2011
039B $aIn $8--Abvc--. Journal of genocide research. - Abingdon, Oxfordshire : Routledge, 1999-. - ISSN 1462-3528 $x201100000130001805 $9071389202
039T $8--Aau--Naimark, Norman M.$Z1944- [Tp1]. Stalin's genocides. - Princeton, NJ {[u.a.] : Princeton Univ. Press, 2010. - IX, 163 S.. - ISBN 978-0-691-14784-0 $9229919421
045F $a900.9479 $eDDC23BSB
045F/01 $a900
045F/03 $g479
045F/03 $g438
045T $aJUDAICA $qDE-30 $2FID
045T $a7,7 $a8
lok: 39505091 78
exp: 39505091 78 1 #EPN
201B/01 $018-11-16 $t13:35:44.000
201U/01 $0utf8
203@/01 $0791349543
208@/01 $a12-11-16 $be
209A/01 $a/ $f000 $x00
220C/01 $aTitelaufnehmer: pg
220C/01 $aHerkunft: HI Marburg
244Z/01 $2Trx $#Baltijos šalys $#kraje bałtyckie $#Baltikum $8--Trx--Baltische Länder $x01 $9391352903
244Z/01 $2Trx $#Poola $#Lenkija $#Polija $#Polen Land $#Poland $#Lengyelország $#Poľsko $#Polsko $8--Trx--Polska$gkraj $x02 $9391345966
244Z/01 $2Trx $#arvustused $#recenzijos $#Reviews $#recenziók $#recenzje $#recenzie $#recenze $8--Trx--Rezensionen $x03 $9391357441
244Z/01 $2Trx $8--Trx--elektronische Ressource $x04 $939138452X
247C/01 $82080>Marburg/Lahn, Herder-Institut, Forschungsbibliothek, Bibliographieportal $9336309341
| LEADER | 00000caa a22000002c 4500 | ||
|---|---|---|---|
| 001 | 39505091X | ||
| 003 | DE-603 | ||
| 005 | 20210804210313.0 | ||
| 007 | tu | ||
| 008 | 161112s2011 xx |||| | u00||u|eng c | ||
| 035 | |a (DE-599)HEB39505091X | ||
| 040 | |a DE-603 |b ger |c DE-603 |d DE-603 | ||
| 041 | |a eng | ||
| 082 | 0 | 4 | |8 1\u |a 900.9479 |q DE-101 |2 23/BSB |
| 084 | |a JUDAICA |q DE-30 |2 fid | ||
| 084 | |a 7,7 |a 8 |2 ssgn | ||
| 085 | |8 1\u |b 900 | ||
| 085 | |8 1\u |z 2 |s 479 | ||
| 085 | |8 1\u |z 2 |s 438 | ||
| 100 | 1 | |a Shaw, Martin | |
| 245 | 0 | 0 | |a Naimark, Norman M., 1944-. Stalin's genocides. - Princeton, NJ [u.a.] : Princeton Univ. Press. - 2010 [Rezension] |
| 264 | 0 | |c 2011 | |
| 773 | 0 | 8 | |i In |t Journal of genocide research |d Abingdon, Oxfordshire : Routledge, 1999- |x 1462-3528 |g Band 13, Heft 1/2 (2011), Seite 195-197 |w (DE-603)071389202 |w (DE-600)1452128-3 |
| 787 | 0 | 8 | |i Rezension von |a Naimark, Norman M., 1944- |t Stalin's genocides |d Princeton, NJ [u.a.] : Princeton Univ. Press, 2010 |h IX, 163 S. |z 9780691147840 |z 0691147841 |w (DE-603)229919421 |
| 856 | 4 | 2 | |u http://www.tandfonline.com/doi/pdf/10.1080/14623528.2011.554082 |3 zusätzliche Angaben |
| 924 | 0 | |9 2080 |a (DE-603)791349543 |b DE-2080 |c HES |d d |g / | |


